000 00899nam a2200289 i 4500
003 EG-GICUC
005 20260225080107.0
008 260225s1977 ru ||fr|||| 000 0 eng d
040 _aEG-GiCUC
_beng
_cEG-GiCUC
_dEG-GiCUC
_erda
041 0 _aeng
082 0 4 _221
_a341.63047
_bGR . A
092 0 4 _221
099 _aLaw1 11 341.63047 GR . A 1977
100 1 _aGrechko, A. A.
_eAuthor.
245 1 4 _aThe Armed Forces Of The Soviet Union /
_cA. A. Grechko.
264 1 _aMoscow :
_bProgress Publishers,
_c1977.
300 _a341 pages,
_c24 cm
336 _2rda content
_atext
337 _2rda media
_aComputer
338 _2rda carrier
_aOnline Resource
504 _aIncludes bibliographical references.
546 _aText in English
650 1 4 _a Public international law
856 4 0 _uhttps://fll.law.cu.edu.eg/fulltext/bks/B11-08441.pdf
905 _a48
942 _2ddc
_cBK
_e21
_n0
999 _c64147
_d64147